|
|
|
|
| LEADER |
00839nam a22001937a 4500 |
| 008 |
150105b xxu||||| |||| 00| 0 eng d |
| 020 |
|
|
|a 9780000172594
|
| 082 |
|
|
|a 894.13 MOH
|
| 100 |
|
|
|a മോഹന്ദാസ്, വള്ളിക്കാവ്
|
| 240 |
|
|
|a Mathevi charitham
|
| 245 |
|
|
|a മാതേവിചരിതം :
|c വള്ളിക്കാവ് മോഹന്ദാസ്
|
| 250 |
|
|
|a 1st ed.
|b Reprint.
|
| 260 |
|
|
|a കോട്ടയം :
|b സാഹിത്യപ്രവര്ത്തക സഹകരണസംഘം,
|c 1990. (2010)
|
| 300 |
|
|
|a 71p.
|
| 650 |
|
|
|a Novel
|
| 700 |
|
|
|a Mohandas, Vallikkav
|
| 942 |
|
|
|2 ddc
|c BK
|
| 999 |
|
|
|c 9325
|d 9325
|
| 952 |
|
|
|0 0
|1 0
|2 ddc
|4 0
|6 894_130000000000000_MOH
|7 0
|9 13227
|a MAIN
|b MAIN
|d 2015-01-05
|e National Book Stall
|g 50.00
|o 894.13 MOH
|p 13348
|r 2015-01-05
|t 1
|w 2015-01-05
|y BK
|